[Event "1st FIDE OWCCCC Pools-East 2021"]
[Site "Online"]
[Date "2021.02.19"]
[Round "3.34"]
[White "Nastasie, Alfred"]
[Black "Huz, Valerii"]
[Result "1-0"]
[WhiteElo "1770"]
[BlackElo "1427"]
[Annotator "NA RC"]
[PlyCount "25"]
[EventDate "2021.02.19"]
[EventType "team-tourn"]
[EventCountry "NET"]
[SourceTitle "playchess.com"]
[Source "ChessBase"]
[SourceQuality "1"]

1. d4 Nf6 2. c4 e6 3. g3 Bb4+ 4. Bd2 Qe7 5. Bg2 d5 6. a3 Bxd2+ 7. Nxd2 Nc6 8. e3 O-O 9. Ne2 b6 10. Qc2 Bb7 11. O-O Na5 12. b4 Nxc4 13. Nxc4 1-0

[Event "1st FIDE OWCCCC Pools-East 2021"]
[Site "Online"]
[Date "2021.02.19"]
[Round "3.34"]
[White "Nastasia"]
[Black "Iyer, Siddharth"]
[Result "1/2-1/2"]
[WhiteElo "1598"]
[BlackElo "1321"]
[Annotator "NA RC"]
[PlyCount "160"]
[EventDate "2021.02.19"]
[EventType "team-tourn"]
[EventCountry "NET"]
[SourceTitle "playchess.com"]
[Source "ChessBase"]
[SourceQuality "1"]

1. d4 d5 2. c4 e6 3. Nc3 Nf6 4. g3 c6 5. cxd5 exd5 6. Bg2 Bd6 7. Qc2 O-O 8. Nf3 h6 9. O-O Be6 10. Re1 Nbd7 11. Bf4 Qe7 12. Ne5 Nh5 13. Nxd7 Qxd7 14. Bxd6 Qxd6 15. Rad1 f5 16. e3 Nf6 17. f3 Qd7 18. Ne2 g5 19. Nc1 Qg7 20. Nd3 Nd7 21. Qb3 Rab8 22. Qa3 a6 23. Qd6 Rfe8 24. Ne5 Nxe5 25. dxe5 Rbd8 26. Qb4 Qxe5 27. Qxb7 Rd6 28. Re2 c5 29. Rde1 Bc8 30. Qc7 c4 31. f4 Qe7 32. Qc5 Bb7 33. Qd4 Qf6 34. Bh3 Kg7 35. Bxf5 Kf7 36. Bg4 Re4 37. Qa7 Re7 38. Bh5+ Kg7 39. Qd4 Bc6 40. fxg5 hxg5 41. a3 Rde6 42. Qxf6+ Kxf6 43. Bf3 Kg6 44. h3 Rb7 45. Bg4 Re5 46. Kh2 Bb5 47. Rd2 Rbe7 48. e4 dxe4 49. Rd6+ Kg7 50. a4 Bxa4 51. Rxa6 Bb5 52. Rb6 e3 53. h4 gxh4 54. gxh4 Bd7 55. Bxd7 Rxd7 56. Kg3 Rd2 57. Rb7+ Kg6 58. Kf4 Kf6 59. Rb6+ Re6 60. Rxe6+ Kxe6 61. Rxe3+ Kf6 62. Rc3 Rd4+ 63. Kg3 Kg6 64. Kh3 Kh5 65. Kg3 Rxh4 66. Kf3 Kg5 67. Ke3 Kf5 68. Kd2 Ke5 69. Kc2 Kd5 70. Rg3 Kd4 71. Rg8 Rh2+ 72. Kc1 Rh1+ 73. Kc2 Rh2+ 74. Kc1 Kd3 75. Rd8+ Ke4 76. Re8+ Kd4 77. Rd8+ Kc5 78. Rc8+ Kd4 79. Rd8+ Kc5 80. Rc8+ Kd4 1/2-1/2

[Event "1st FIDE OWCCCC Pools-East 2021"]
[Site "Online"]
[Date "2021.02.19"]
[Round "3.35"]
[White "Bluvshtein, Mark"]
[Black "Stankova, Radka"]
[Result "1/2-1/2"]
[WhiteElo "2590"]
[BlackElo "1842"]
[Annotator "TA"]
[PlyCount "74"]
[EventDate "2021.02.19"]
[EventType "team-tourn"]
[EventCountry "NET"]
[SourceTitle "playchess.com"]
[Source "ChessBase"]
[SourceQuality "1"]

1. d4 d5 2. c4 e6 3. Nc3 Nf6 4. cxd5 exd5 5. Bg5 c6 6. e3 Bd6 7. Bd3 h6 8. Bh4 O-O 9. Nge2 Re8 10. Qc2 Bg4 11. O-O Bxe2 12. Bxe2 Nbd7 13. Rad1 Qc7 14. Bg3 Bxg3 15. hxg3 Rac8 16. b4 a6 17. Rc1 Qd6 18. Qb3 Ne4 19. Nxe4 Rxe4 20. a4 Nf6 21. b5 axb5 22. axb5 Rce8 23. bxc6 bxc6 24. Qb7 R4e6 25. Rc2 Ne4 26. Bf3 Ng5 27. Bg4 Rf6 28. Rfc1 Rxe3 29. fxe3 Qxg3 30. Qc8+ Kh7 31. Bf5+ g6 32. Rf1 gxf5 33. Rxf5 Qe1+ 34. Kh2 Qh4+ 35. Kg1 Qe1+ 36. Kh2 Qh4+ 37. Kg1 Qe1+ 1/2-1/2

[Event "1st FIDE OWCCCC Pools-East 2021"]
[Site "Online"]
[Date "2021.02.19"]
[Round "3.35"]
[White "Majumdar, Ankush"]
[Black "Lalit, Karmarkar"]
[Result "0-1"]
[WhiteElo "2046"]
[BlackElo "1838"]
[Annotator "TA"]
[PlyCount "110"]
[EventDate "2021.02.19"]
[EventType "team-tourn"]
[EventCountry "NET"]
[SourceTitle "playchess.com"]
[Source "ChessBase"]
[SourceQuality "1"]

1. d4 d5 2. Bf4 Bf5 3. e3 e6 4. c4 Bxb1 5. Rxb1 Bb4+ 6. Ke2 Nf6 7. Qb3 Nc6 8. Nf3 O-O 9. Ne5 Nxe5 10. dxe5 dxc4 11. Qxc4 Qd2+ 12. Kf3 Nd5 13. Bd3 Be7 14. Rhd1 Qa5 15. Qe4 g6 16. Bh6 Rfd8 17. a3 Rd7 18. g3 Rad8 19. h4 Qb6 20. h5 c5 21. hxg6 fxg6 22. Bc2 Bf8 23. Bxf8 Rxf8+ 24. Kg2 Rdf7 25. f4 c4 26. Rd4 Qc5 27. Rc1 b5 28. Bd1 a6 29. Bg4 Qc6 30. Rcd1 Nxe3+ 31. Kf3 Qxe4+ 32. Kxe4 Nxd1 33. Rxd1 Re7 34. Rd6 a5 35. Bxe6+ Kg7 36. g4 Rc7 37. f5 gxf5+ 38. gxf5 b4 39. f6+ Kg6 40. Bf5+ Kg5 41. Rb6 bxa3 42. bxa3 c3 43. Rb1 c2 44. Rc1 Rd8 45. Rg1+ Kh5 46. Kf4 Rc4+ 47. Be4 c1=Q+ 48. Rxc1 Rxc1 49. e6 Rc4 50. e7 Re8 51. f7 Rxe4+ 52. Kf5 R4xe7 53. fxe8=Q+ Rxe8 54. Kf6 Rb8 55. Ke6 Rb3 0-1

[Event "1st FIDE OWCCCC Pools-East 2021"]
[Site "Online"]
[Date "2021.02.19"]
[Round "3.35"]
[White "Devani, Roopam"]
[Black "Muratorio, Fabio"]
[Result "1/2-1/2"]
[WhiteElo "1712"]
[BlackElo "1413"]
[Annotator "NA RC"]
[PlyCount "61"]
[EventDate "2021.02.19"]
[EventType "team-tourn"]
[EventCountry "NET"]
[SourceTitle "playchess.com"]
[Source "ChessBase"]
[SourceQuality "1"]

1. e4 e5 2. Nf3 Nc6 3. Bc4 Bc5 4. Nc3 Nf6 5. d3 O-O 6. Be3 Bxe3 7. fxe3 d6 8. h3 Na5 9. Bb3 Nxb3 10. axb3 Re8 11. O-O h6 12. Nd5 Nxd5 13. exd5 c6 14. dxc6 bxc6 15. Nd2 Bb7 16. Qf3 Rf8 17. e4 Qb6+ 18. Kh2 d5 19. Rf2 dxe4 20. Nxe4 c5 21. Qe3 Rac8 22. Raf1 f6 23. Nxf6+ gxf6 24. Qxh6 Rc6 25. Rf5 Kf7 26. Qh7+ Ke8 27. Qg6+ Ke7 28. Qg7+ Ke8 29. Qg6+ Kd8 30. Qg7 Ke8 31. Qg6+ 1/2-1/2

[Event "1st FIDE OWCCCC Pools-East 2021"]
[Site "Online"]
[Date "2021.02.19"]
[Round "3.36"]
[White "Corbett, Mark"]
[Black "Mazurok, Andriy"]
[Result "1-0"]
[WhiteElo "1631"]
[BlackElo "1554"]
[Annotator "NA RC"]
[PlyCount "42"]
[EventDate "2021.02.19"]
[EventType "team-tourn"]
[EventCountry "NET"]
[SourceTitle "playchess.com"]
[Source "ChessBase"]
[SourceQuality "1"]

1. d4 d5 2. Nf3 c5 3. c3 e6 4. Bf4 Nc6 5. Nbd2 Bd6 6. Bg3 Nf6 7. e3 O-O 8. Bd3 c4 9. Bc2 Re8 10. Ne5 Ne4 11. Nxe4 dxe4 12. Bxe4 Nxe5 13. dxe5 Bc7 14. Qe2 Qe7 15. Qxc4 Rb8 16. O-O b6 17. Rad1 Bb7 18. Bxb7 Rxb7 19. Rd2 Rc8 20. Rfd1 Bxe5 21. Qxc8+ Qf8 1-0

[Event "1st FIDE OWCCCC Pools-East 2021"]
[Site "Online"]
[Date "2021.02.19"]
[Round "3.36"]
[White "Lasek, Tomas"]
[Black "Leick, Philippe"]
[Result "0-1"]
[WhiteElo "1240"]
[BlackElo "1945"]
[Annotator "TA"]
[PlyCount "50"]
[EventDate "2021.02.19"]
[EventType "team-tourn"]
[EventCountry "NET"]
[SourceTitle "playchess.com"]
[Source "ChessBase"]
[SourceQuality "1"]

1. e4 e6 2. Nf3 d5 3. e5 c5 4. d4 Nc6 5. Bb5 Bd7 6. b3 Qa5+ 7. c3 Qxb5 8. Na3 Qa5 9. O-O cxd4 10. cxd4 Bxa3 11. Bxa3 Qxa3 12. Qc2 Nge7 13. Ng5 h6 14. Nf3 Rc8 15. Qd2 O-O 16. Rac1 Qb4 17. Qb2 Nf5 18. a3 Qb6 19. Rfd1 Ncxd4 20. Nxd4 Nxd4 21. Rxc8 Rxc8 22. b4 Rc2 23. Qb1 Nf3+ 24. gxf3 Qxf2+ 25. Kh1 Qg2# 0-1

[Event "1st FIDE OWCCCC Pools-East 2021"]
[Site "Online"]
[Date "2021.02.19"]
[Round "3.37"]
[White "Carlsen, Magnus"]
[Black "Zakharov, Alexander S."]
[Result "1-0"]
[WhiteElo "2862"]
[BlackElo "2428"]
[Annotator "TA"]
[PlyCount "63"]
[EventDate "2021.02.19"]
[EventType "team-tourn"]
[EventCountry "NET"]
[SourceTitle "playchess.com"]
[Source "ChessBase"]
[SourceQuality "1"]

1. e4 e6 2. d4 d5 3. Nc3 Bb4 4. exd5 exd5 5. Qf3 c6 6. Bd3 Qf6 7. Qxf6 Nxf6 8. f3 O-O 9. Nge2 b6 10. Bg5 Nfd7 11. a3 Bd6 12. Bf4 Bxf4 13. Nxf4 Ba6 14. Kd2 Bxd3 15. Nxd3 Re8 16. Rhe1 Rxe1 17. Rxe1 Kf8 18. b4 a6 19. a4 Ra7 20. b5 axb5 21. axb5 Nf6 22. Rb1 Ke7 23. Nb4 Kd6 24. bxc6 Ra5 25. Nd3 Nxc6 26. Rxb6 Kc7 27. Rb5 Rxb5 28. Nxb5+ Kb6 29. Nd6 Nxd4 30. Nxf7 Kc6 31. Nf4 Kc5 32. Kd3 1-0

[Event "1st FIDE OWCCCC Pools-East 2021"]
[Site "Online"]
[Date "2021.02.19"]
[Round "3.37"]
[White "Markin, Dmytro"]
[Black "Krejci, Martin"]
[Result "0-1"]
[WhiteElo "1539"]
[BlackElo "2074"]
[Annotator "TA"]
[PlyCount "58"]
[EventDate "2021.02.19"]
[EventType "team-tourn"]
[EventCountry "NET"]
[SourceTitle "playchess.com"]
[Source "ChessBase"]
[SourceQuality "1"]

1. e4 c5 2. Nf3 d6 3. d4 cxd4 4. Nxd4 Nf6 5. Nc3 a6 6. a4 e6 7. Be2 Be7 8. O-O O-O 9. Kh1 Qc7 10. f4 b6 11. Bf3 Bb7 12. Qe1 Nc6 13. Be3 Rac8 14. Rd1 Na5 15. Qg3 Nc4 16. Bc1 Kh8 17. Qh3 e5 18. Nf5 exf4 19. Nxe7 Qxe7 20. Bxf4 Ne5 21. Bg5 Nc4 22. Bg4 Rc5 23. Bxf6 gxf6 24. Bf5 Rxf5 25. Rxf5 Bxe4 26. Nxe4 Qxe4 27. Rdf1 Rg8 28. R5f4 Qxc2 29. Qc3 Qxg2# 0-1

[Event "1st FIDE OWCCCC Pools-East 2021"]
[Site "Online"]
[Date "2021.02.19"]
[Round "3.37"]
[White "Sudhanshu Khandelwal"]
[Black "mpchess"]
[Result "1-0"]
[WhiteElo "1343"]
[BlackElo "1679"]
[Annotator "NA RC"]
[PlyCount "109"]
[EventDate "2021.02.19"]
[EventType "team-tourn"]
[EventCountry "NET"]
[SourceTitle "playchess.com"]
[Source "ChessBase"]
[SourceQuality "1"]

1. d4 d5 2. c4 e6 3. Nf3 Nf6 4. g3 c6 5. Bg2 Be7 6. O-O O-O 7. Bg5 h6 8. Bf4 Bd6 9. Ne5 Bxe5 10. Bxe5 Nbd7 11. Bxf6 Nxf6 12. Nd2 Re8 13. e4 e5 14. cxd5 cxd5 15. exd5 Nxd5 16. dxe5 Rxe5 17. Nc4 Rf5 18. Ne3 Re5 19. Nxd5 Be6 20. Nf4 Qb6 21. Nxe6 Rxe6 22. Qb3 Qd6 23. Qxb7 Rb8 24. Qxa7 Rxb2 25. Rae1 Rf6 26. Re8+ Kh7 27. Qa8 Qc5 28. Be4+ Rf5 29. Bxf5+ Qxf5 30. Qe4 Qxe4 31. Rxe4 Rxa2 32. Re7 Kg6 33. Rd1 Ra6 34. Rdd7 Rf6 35. Kg2 h5 36. h4 Rf5 37. Rd6+ Kh7 38. Ra6 g6 39. f3 Kg7 40. Ra4 Kf6 41. Rea7 g5 42. hxg5+ Kxg5 43. R7a5 Rxa5 44. Rxa5+ f5 45. Kh3 Kg6 46. Kh4 f4 47. gxf4 Kh6 48. Ra6+ Kg7 49. Kxh5 Kh7 50. Ra7+ Kg8 51. Kg6 Kf8 52. f5 Ke8 53. f6 Kd8 54. f7 Kc8 55. f8=R# 1-0

[Event "1st FIDE OWCCCC Pools-East 2021"]
[Site "Online"]
[Date "2021.02.19"]
[Round "3.37"]
[White "Nishant Gupta"]
[Black "Bryushinin, Aleksander"]
[Result "0-1"]
[WhiteElo "1210"]
[BlackElo "1815"]
[Annotator "NA RC"]
[PlyCount "74"]
[EventDate "2021.02.19"]
[EventType "team-tourn"]
[EventCountry "NET"]
[SourceTitle "playchess.com"]
[Source "ChessBase"]
[SourceQuality "1"]

1. c4 c6 2. Nc3 d5 3. Nf3 Nf6 4. cxd5 cxd5 5. d4 Nc6 6. g3 e6 7. Bg5 Be7 8. Bg2 O-O 9. a3 a6 10. O-O b5 11. Rc1 Bb7 12. Bf4 Qb6 13. Be5 Rac8 14. Bxf6 Bxf6 15. e3 Na5 16. Nd2 Nc4 17. Nxc4 Rxc4 18. Ne2 a5 19. Qd2 Rfc8 20. b3 R4c7 21. Rxc7 Rxc7 22. Rc1 Be7 23. a4 Bb4 24. Qb2 bxa4 25. bxa4 Rxc1+ 26. Qxc1 Qc6 27. Qd1 Bc8 28. Nf4 Bd7 29. Qh5 Qxa4 30. Bh3 Qc6 31. Qg5 h6 32. Qg4 a4 33. Nh5 Bf8 34. e4 dxe4 35. d5 exd5 36. Qxd7 Qxd7 37. Bxd7 a3 0-1

[Event "1st FIDE OWCCCC Pools-East 2021"]
[Site "Online"]
[Date "2021.02.19"]
[Round "3.37"]
[White "Nigam, Kajol"]
[Black "Szulc, Marek"]
[Result "0-1"]
[WhiteElo "763"]
[BlackElo "1606"]
[Annotator "NA RC"]
[PlyCount "58"]
[EventDate "2021.02.19"]
[EventType "team-tourn"]
[EventCountry "NET"]
[SourceTitle "playchess.com"]
[Source "ChessBase"]
[SourceQuality "1"]

1. e4 c5 2. Nc3 g6 3. Nd5 Bg7 4. Bc4 a6 5. d3 e6 6. Nf4 Ne7 7. Nf3 O-O 8. O-O Nbc6 9. c3 Rb8 10. Be3 d6 11. d4 cxd4 12. cxd4 b5 13. d5 bxc4 14. dxc6 Nxc6 15. Bd4 e5 16. Nxe5 dxe5 17. Bc5 exf4 18. Qa4 Ne5 19. Rfd1 Qe8 20. Qc2 Be6 21. Rd6 Qb5 22. Ba3 Rfd8 23. Rad1 Nd3 24. b3 Rxd6 25. bxc4 Qxc4 26. Qxd3 Qxd3 27. Rxd3 Rb1+ 28. Bc1 Rxc1+ 29. Rd1 Rcxd1# 0-1

[Event "1st FIDE OWCCCC Pools-East 2021"]
[Site "Online"]
[Date "2021.02.19"]
[Round "3.38"]
[White "Erigaisi Arjun"]
[Black "Agarwal, Akshat"]
[Result "0-1"]
[WhiteElo "2559"]
[BlackElo "1397"]
[Annotator "TA"]
[PlyCount "34"]
[EventDate "2021.02.19"]
[EventType "team-tourn"]
[EventCountry "NET"]
[SourceTitle "playchess.com"]
[Source "ChessBase"]
[SourceQuality "1"]

1. e4 e5 2. Nf3 Nc6 3. a3 Bc5 4. h3 d6 5. Be2 Nge7 6. c3 O-O 7. a4 a5 8. O-O Kh8 9. d4 exd4 10. cxd4 Bb6 11. d5 Ne5 12. Nxe5 dxe5 13. Re1 Ng6 14. Bd2 Qh4 15. Bf3 Bxf2+ 16. Kh1 Bxh3 17. Rf1 Bg4# 0-1

[Event "1st FIDE OWCCCC Pools-East 2021"]
[Site "Online"]
[Date "2021.02.19"]
[Round "3.38"]
[White "Isakov, Andrey"]
[Black "Sankaran, Bharath"]
[Result "0-1"]
[WhiteElo "2183"]
[BlackElo "1803"]
[Annotator "TA"]
[PlyCount "94"]
[EventDate "2021.02.19"]
[EventType "team-tourn"]
[EventCountry "NET"]
[SourceTitle "playchess.com"]
[Source "ChessBase"]
[SourceQuality "1"]

1. e4 c5 2. Nf3 d6 3. d4 cxd4 4. Nxd4 Nf6 5. Nc3 a6 6. Bd3 e6 7. O-O Be7 8. Re1 O-O 9. Nf3 b5 10. e5 dxe5 11. Nxe5 Bb7 12. Ng4 Nbd7 13. Bf4 Rc8 14. Qe2 b4 15. Ne4 Nd5 16. Qd2 Nxf4 17. Qxf4 f5 18. Nh6+ gxh6 19. Ng3 Bg5 20. Qxb4 Nc5 21. Bc4 Bd2 22. c3 Bxe1 23. Rxe1 Qd2 24. Re2 Qd1+ 25. Nf1 Be4 26. Qb6 Rc6 27. Qa5 Nd3 28. Rd2 Qb1 29. Bb3 Ne1 30. f3 Bxf3 31. gxf3 Nxf3+ 32. Kg2 Nxd2 33. Nxd2 Qe1 34. Nf3 Qe2+ 35. Kg3 f4+ 36. Kg4 Qg2+ 37. Kh5 Rf5+ 38. Qxf5 Qxf3+ 39. Kh4 Qf2+ 40. Kh5 Rc5 41. Bxe6+ Kg7 42. Bd5 Qf3+ 43. Kh4 Qxd5 44. Qg4+ Qg5+ 45. Qxg5+ hxg5+ 46. Kg4 Kg6 47. h4 h5+ 0-1

[Event "1st FIDE OWCCCC Pools-East 2021"]
[Site "Online"]
[Date "2021.02.19"]
[Round "3.38"]
[White "Hansen, Martin Hoj"]
[Black "Firsov, Stepan"]
[Result "1-0"]
[WhiteElo "1861"]
[BlackElo "1842"]
[Annotator "NA RC"]
[PlyCount "75"]
[EventDate "2021.02.19"]
[EventType "team-tourn"]
[EventCountry "NET"]
[SourceTitle "playchess.com"]
[Source "ChessBase"]
[SourceQuality "1"]

1. e4 c5 2. Nc3 Nc6 3. d3 d6 4. g3 g6 5. Bg2 Bg7 6. f4 Nf6 7. Nf3 e5 8. O-O O-O 9. Be3 exf4 10. Bxf4 Nh5 11. Be3 a6 12. Qd2 Bg4 13. Bh6 Qd7 14. Bxg7 Kxg7 15. Nd5 Ne7 16. Nb6 Qb5 17. Nxa8 Rxa8 18. c3 Re8 19. Ng5 f6 20. Nf3 Qd7 21. Rae1 b5 22. d4 Qe6 23. b3 Bh3 24. e5 Bxg2 25. Kxg2 dxe5 26. dxe5 f5 27. Qe3 Qc6 28. Rd1 Nd5 29. Qd2 Rd8 30. Qe1 Re8 31. Qd2 Rd8 32. Kf2 h6 33. c4 bxc4 34. bxc4 Nc3 35. Qxd8 Nxd1+ 36. Rxd1 Kh7 37. Rd7+ Ng7 38. Qe7 1-0

[Event "1st FIDE OWCCCC Pools-East 2021"]
[Site "Online"]
[Date "2021.02.19"]
[Round "3.38"]
[White "Swiatek, Daniel"]
[Black "Uma Harsha P"]
[Result "1/2-1/2"]
[WhiteElo "1467"]
[BlackElo "1271"]
[Annotator "NA RC"]
[PlyCount "212"]
[EventDate "2021.02.19"]
[EventType "team-tourn"]
[EventCountry "NET"]
[SourceTitle "playchess.com"]
[Source "ChessBase"]
[SourceQuality "1"]

1. e4 e5 2. Nc3 Nf6 3. Nf3 Nc6 4. h3 d6 5. Bb5 Bd7 6. a3 a6 7. Ba4 g6 8. d3 Bg7 9. Bg5 O-O 10. Qe2 h6 11. Be3 Na5 12. Bxd7 Qxd7 13. b4 Nc6 14. O-O Kh7 15. Nd5 Nxd5 16. exd5 Ne7 17. c4 c6 18. dxc6 bxc6 19. c5 d5 20. Bd2 e4 21. Rae1 exf3 22. Qxe7 Rad8 23. Qxd7 Rxd7 24. gxf3 f5 25. Re6 Rc7 26. Bf4 Rcc8 27. Kh1 g5 28. Bd6 Rf7 29. Rfe1 Bd4 30. R1e2 f4 31. Kg2 a5 32. Be5 Bxe5 33. R2xe5 axb4 34. axb4 Rcc7 35. Rd6 Rb7 36. Ree6 Rxb4 37. Rxh6+ Kg7 38. Rdg6+ Kf8 39. Rh8+ Ke7 40. Rxc6 Rb5 41. Rc7+ Kf6 42. Rxf7+ Kxf7 43. Rh5 Kg6 44. Rh8 Rxc5 45. Rd8 Kf5 46. d4 Ra5 47. Re8 Kf6 48. Re5 Rb5 49. h4 gxh4 50. Kh3 Rb2 51. Kxh4 Rxf2 52. Rxd5 Rxf3 53. Kg4 Rf1 54. Rc5 f3 55. d5 f2 56. Kf3 Ke5 57. Ra5 Rd1 58. d6+ Kxd6 59. Kxf2 Rd5 60. Ra6+ Ke5 61. Ke3 Rd6 62. Ra8 Kd5 63. Ra5+ Kc6 64. Ke4 Kb6 65. Rh5 Rc6 66. Kd4 Rd6+ 67. Kc4 Rc6+ 68. Kb4 Kc7 69. Rh7+ Kb6 70. Rh8 Kc7 71. Kb5 Rb6+ 72. Kc5 Rc6+ 73. Kb4 Rb6+ 74. Kc4 Rc6+ 75. Kd4 Rd6+ 76. Ke5 Rc6 77. Rh7+ Kb6 78. Kd5 Rc5+ 79. Kd4 Rc6 80. Rh8 Rd6+ 81. Ke5 Rc6 82. Rb8+ Kc7 83. Rb1 Rc5+ 84. Kd4 Rc6 85. Kd5 Rd6+ 86. Ke5 Rc6 87. Ra1 Kb6 88. Rb1+ Kc7 89. Rh1 Kb6 90. Rh8 Rc5+ 91. Kd4 Rc6 92. Kd5 Rc5+ 93. Kd4 Rc6 94. Rb8+ Kc7 95. Ra8 Kb7 96. Ra1 Rb6 97. Kc5 Rc6+ 98. Kd5 Rb6 99. Rf1 Ka6 100. Kc5 Rb5+ 101. Kc6 Rb6+ 102. Kc7 Rb7+ 103. Kc8 Rb6 104. Ra1+ Kb5 105. Kc7 Rc6+ 106. Kd7 Rc4 1/2-1/2

[Event "1st FIDE OWCCCC Pools-East 2021"]
[Site "Online"]
[Date "2021.02.19"]
[Round "3.39"]
[White "Kiriakhno, Sergii"]
[Black "Madsen, Per"]
[Result "1-0"]
[WhiteElo "1424"]
[BlackElo "1676"]
[Annotator "NA RC"]
[PlyCount "89"]
[EventDate "2021.02.19"]
[EventType "team-tourn"]
[EventCountry "NET"]
[SourceTitle "playchess.com"]
[Source "ChessBase"]
[SourceQuality "1"]

1. d4 c5 2. d5 Nf6 3. Nc3 d6 4. e4 g6 5. Nf3 Bg7 6. Be2 a6 7. a4 b6 8. O-O O-O 9. h3 Nbd7 10. Bf4 Nh5 11. Bh2 h6 12. Re1 Bb7 13. Qd2 Kh7 14. g4 Nhf6 15. Bf1 Ne8 16. Rab1 Ne5 17. Nxe5 dxe5 18. f4 exf4 19. Bxf4 g5 20. Bg3 Bd4+ 21. Kh2 f6 22. Ne2 Be5 23. Bxe5 fxe5 24. Ng3 Rf4 25. b4 Qc7 26. bxc5 Qxc5 27. Re2 Nd6 28. Bg2 Raf8 29. Nh5 Rf2 30. Ng3 R2f4 31. Qb4 Qxb4 32. Rxb4 b5 33. axb5 Nxb5 34. c4 Nd6 35. c5 Nb5 36. c6 Bc8 37. Ra2 Rf2 38. Rbb2 Rxb2 39. Rxb2 Rf6 40. Kg1 Rf4 41. Bf1 Rf3 42. Kg2 Nd4 43. Rb8 Rf8 44. Bxa6 Kg8 45. Rxc8 1-0

[Event "1st FIDE OWCCCC Pools-East 2021"]
[Site "Online"]
[Date "2021.02.19"]
[Round "3.39"]
[White "Shijithlal L V"]
[Black "Kamac, Katarzyna"]
[Result "1-0"]
[WhiteElo "1404"]
[BlackElo "1359"]
[Annotator "NA RC"]
[PlyCount "89"]
[EventDate "2021.02.19"]
[EventType "team-tourn"]
[EventCountry "NET"]
[SourceTitle "playchess.com"]
[Source "ChessBase"]
[SourceQuality "1"]

1. d4 d6 2. c4 g6 3. Nc3 Nf6 4. e4 Bg7 5. Be2 O-O 6. h4 e5 7. d5 c6 8. h5 cxd5 9. cxd5 Nbd7 10. h6 Bh8 11. Bg5 a6 12. Nf3 b5 13. O-O Nc5 14. b4 Nb7 15. a4 bxa4 16. Rxa4 a5 17. b5 Nc5 18. Rc4 Qb6 19. Na4 Nxa4 20. Qxa4 Bd7 21. Rc6 Bxc6 22. dxc6 Ne8 23. Be3 Qd8 24. b6 Nc7 25. Bc4 Ne6 26. b7 Rb8 27. Bxe6 fxe6 28. Ba7 d5 29. Bxb8 Qxb8 30. Rb1 Rf7 31. Qxa5 Rc7 32. Qa8 Qxa8 33. bxa8=Q+ Kf7 34. Qb7 Rxb7 35. cxb7 Bf6 36. b8=Q g5 37. exd5 exd5 38. Qc7+ Kg6 39. Qd6 d4 40. Nxe5+ Kf5 41. Nd3 Be5 42. Qf8+ Ke4 43. Nxe5 g4 44. Nc6 d3 45. Qg7 1-0

[Event "1st FIDE OWCCCC Pools-East 2021"]
[Site "Online"]
[Date "2021.02.19"]
[Round "3.39"]
[White "Anirudh Gupta"]
[Black "Saxenabatra, Madhulika"]
[Result "1-0"]
[WhiteElo "1120"]
[BlackElo "1040"]
[Annotator "NA RC"]
[PlyCount "57"]
[EventDate "2021.02.19"]
[EventType "team-tourn"]
[EventCountry "NET"]
[SourceTitle "playchess.com"]
[Source "ChessBase"]
[SourceQuality "1"]

1. e4 e5 2. Nf3 d6 3. h3 Nf6 4. Nc3 d5 5. exd5 Nxd5 6. Nxe5 Nxc3 7. bxc3 f6 8. Nf3 b5 9. Bxb5+ c6 10. Bc4 Nd7 11. O-O Ne5 12. Nxe5 fxe5 13. Qh5+ g6 14. Qxe5+ Qe7 15. Qxh8 Bf5 16. Bd3 Rd8 17. Bxf5 gxf5 18. Bb2 Rxd2 19. Rac1 Qc5 20. Rfe1+ Kf7 21. Qxh7+ Kf6 22. c4+ Kg5 23. h4+ Kf4 24. g3+ Kg4 25. Qg6+ Kh3 26. Re3 f4 27. gxf4+ Kxh4 28. Bf6+ Qg5+ 29. Qxg5# 1-0

[Event "1st FIDE OWCCCC Pools-East 2021"]
[Site "Online"]
[Date "2021.02.19"]
[Round "3.39"]
[White "Shramani"]
[Black "Teterikov, Andrey"]
[Result "0-1"]
[WhiteElo "715"]
[BlackElo "2029"]
[Annotator "TA"]
[PlyCount "64"]
[EventDate "2021.02.19"]
[EventType "team-tourn"]
[EventCountry "NET"]
[SourceTitle "playchess.com"]
[Source "ChessBase"]
[SourceQuality "1"]

1. e4 c5 2. Nc3 d6 3. d4 cxd4 4. Qxd4 Nc6 5. Qd1 Nf6 6. Nf3 g6 7. Bf4 Bg7 8. e5 Nh5 9. g3 Nxf4 10. gxf4 O-O 11. exd6 exd6 12. Bc4 Re8+ 13. Ne2 Bxb2 14. O-O Be6 15. Bxe6 fxe6 16. Rb1 Bf6 17. Rxb7 Rb8 18. Rxb8 Qxb8 19. Qb1 Qc7 20. Rd1 e5 21. fxe5 dxe5 22. Nc3 Bg7 23. Nd5 Qd8 24. Qb7 Nd4 25. Qxa7 Nxf3+ 26. Kg2 Nh4+ 27. Kg3 Nf5+ 28. Kg4 Qh4+ 29. Kf3 Qh5+ 30. Kg2 Qg4+ 31. Kf1 Qxd1+ 32. Kg2 Qxd5+ 0-1

[Event "1st FIDE OWCCCC Pools-East 2021"]
[Site "Online"]
[Date "2021.02.19"]
[Round "3.40"]
[White "Buzak, Karolina"]
[Black "Sikorska, Nataliia"]
[Result "0-1"]
[WhiteElo "1286"]
[BlackElo "1523"]
[Annotator "NA RC"]
[PlyCount "120"]
[EventDate "2021.02.19"]
[EventType "team-tourn"]
[EventCountry "NET"]
[SourceTitle "playchess.com"]
[Source "ChessBase"]
[SourceQuality "1"]

1. e4 e6 2. Nf3 g6 3. Bc4 Bg7 4. d4 c5 5. c3 cxd4 6. cxd4 Ne7 7. Be3 O-O 8. O-O d5 9. exd5 Nxd5 10. Nc3 Nb6 11. b3 Bd7 12. Ne5 Nc6 13. Nxc6 Bxc6 14. Bb5 Bd5 15. Nxd5 Qxd5 16. Be2 Rac8 17. Qd2 Rfd8 18. Rfd1 Rc7 19. f3 Rcd7 20. Bb5 Qxb5 21. Rac1 Nd5 22. Rc5 Qb4 23. Qxb4 Nxb4 24. a3 Nc6 25. Rdc1 Nxd4 26. R1c4 Nxb3 27. Rc8 Nd2 28. Rxd8+ Rxd8 29. Rc7 b6 30. h3 Bf6 31. Rxa7 Nc4 32. Rb7 Nxe3 33. g4 Bd4 34. Kf2 Nc4+ 35. Kg3 Nxa3 36. Ra7 Nc4 37. Ra4 b5 38. Rb4 Rd5 39. Rb1 Bb6 40. h4 Kf8 41. Kh3 Ke7 42. Re1 Kd6 43. Re4 Rd3 44. Rf4 f5 45. gxf5 exf5 46. h5 Kd5 47. hxg6 hxg6 48. Kh4 Be3 49. Kg5 Bxf4+ 50. Kxf4 b4 51. Kg5 Rxf3 52. Kxg6 b3 53. Kg5 b2 54. Kf6 b1=Q 55. Ke7 Qb6 56. Kf8 Qc7 57. Kg8 Qe7 58. Kh8 Rh3+ 59. Kg8 Rg3+ 60. Kh8 Qg7# 0-1

[Event "1st FIDE OWCCCC Pools-East 2021"]
[Site "Online"]
[Date "2021.02.19"]
[Round "3.40"]
[White "Meira, William W S De Olive"]
[Black "Priti"]
[Result "1-0"]
[WhiteElo "1263"]
[BlackElo "1329"]
[Annotator "NA RC"]
[PlyCount "85"]
[EventDate "2021.02.19"]
[EventType "team-tourn"]
[EventCountry "NET"]
[SourceTitle "playchess.com"]
[Source "ChessBase"]
[SourceQuality "1"]

1. e4 e5 2. Nf3 d6 3. d4 exd4 4. Nxd4 Nf6 5. Nc3 Be7 6. Bd3 c6 7. f4 Bg4 8. Nf3 h6 9. O-O Nbd7 10. Qe1 Qc7 11. Kh1 Nb6 12. Qg3 h5 13. e5 dxe5 14. fxe5 Nfd5 15. Ng5 Rf8 16. Nce4 O-O-O 17. Nxf7 Rd7 18. Nfd6+ Kb8 19. Bd2 Nc8 20. c4 Ndb6 21. h3 Be6 22. b3 Rfd8 23. Nc5 Bxd6 24. Nxd7+ Qxd7 25. exd6 Nxd6 26. Bf4 Nbc8 27. c5 Ka8 28. cxd6 Bd5 29. Rae1 a6 30. Be4 Bxe4 31. Rxe4 Qf5 32. Rfe1 Ka7 33. Re8 Rxe8 34. Rxe8 Nb6 35. Be3 Qd7 36. Re7 Qd8 37. Qxg7 Qc8 38. Rc7 Qb8 39. Qd4 Ka8 40. Qxb6 h4 41. d7 c5 42. Rc8 a5 43. Qxa5# 1-0